Transformers Prime episodes - Statistics

General Stats
  • This quiz has been taken 7 times
  • The average score is 37 of 66
Answer Stats
Answer % Correct
Predacons Rising
86%
Triage
86%
Alpha/Omega
71%
Crisscross
71%
Darkest Hour
71%
Darkmount, NV
71%
Darkness Rising part 1
71%
Darkness Rising part 2
71%
Darkness Rising part 3
71%
Darkness Rising part 4
71%
Darkness Rising part 5
71%
Deadlock
71%
Flying Mind
71%
New Recruit
71%
One Shall Fall
71%
One Shall Rise part 1
71%
One Shall Rise part 2
71%
One Shall Rise part 3
71%
Operation: Bumblebee part 1
71%
Operation: Bumblebee part 2
71%
Orion Pax part 1
71%
Orion Pax part 2
71%
Orion Pax part 3
71%
Plus One
71%
Shadowzone
71%
Sick Mind
71%
T.M.I.
71%
Con Job
57%
Convoy
57%
Deus Ex Machina
57%
Hurt
57%
Masters and Students
57%
Minus One
57%
Nemesis Prime
57%
Operation: Breakdown
57%
Out of His Head
57%
Out of the Past
57%
Partners
57%
Predatory
57%
Prey
57%
Rock Bottom
57%
Speed Metal
57%
Stronger, Faster
57%
Toxicity
57%
Armada
43%
Chain of Command
43%
Crossfire
43%
Grill
43%
Hard Knocks
43%
Legacy
43%
Project Predacon
43%
Scattered
43%
Scrapheap
43%
Synthesis
43%
Evolution
29%
Inside Job
29%
Loose Cannons
29%
Metal Attraction
29%
Patch
29%
Persuasion
29%
Rebellion
29%
Regeneration
29%
The Human Factor
29%
Thirst
29%
Triangulation
29%
Tunnel Visions
14%
No matching quizzes found
Score Distribution
Percent of People with Each Score
Percentile by Number Answered
Your Score History
You have not taken this quiz